Normal view MARC view

Entry Nombre personal

Number of records used in: 1

001 - NÚMERO DE CONTROL

  • campo de control: 638

003 - IDENTIFICADOR DE NÚMERO DE CONTROL

  • campo de control: DLC

005 - FECHA Y HORA DE LA ÚLTIMA TRANSACCIÓN

  • campo de control: 20260225182013.0

008 - ELEMENTOS DE DATO DE LONGITUD-FIJA

  • campo de control de longitud fija: 800310n| azannaabn |a aaa

010 ## - NÚMERO DE CONTROL DE LA BIBLIOTECA DEL CONGRESO

  • Número de control de LC: n 79144946
  • Número de control de LC cancelado o no válido: n 2001064379

024 7# - IDENTIFICADOR DE OTROS ESTÁNDARES

  • Número estándar o código: 0000000120987736
  • Fuente: isni
  • URI de un objeto del mundo real: http://isni.org/isni/0000000120987736

035 ## - NÚMERO DE CONTROL DEL SISTEMA

  • Número de control de sistema: (OCoLC)oca00376093

040 ## - FUENTE DE CATALOGACIÓN

  • Centro catalogador/agencia de origen: DLC
  • Lengua de catalogación: eng
  • Normas de descripción: rda
  • Centro/agencia transcriptor: DLC
  • Centro/agencia modificador: DLC
  • Centro/agencia modificador: IEN
  • Centro/agencia modificador: NL-TiUL
  • Centro/agencia modificador: OCoLC
  • Centro/agencia modificador: NL-TiUL

046 ## - FECHAS CON CODIFICACIÓN ESPECIAL

  • Fecha de nacimiento: 1924-01-01
  • Fecha de la muerte: 2014-04-01
  • Fuente del esquema de fecha: edtf

100 1# - ENCABEZAMIENTO-NOMBRE DE PERSONA

  • Nombre de persona: Le Goff, Jacques,
  • Fechas asociadas al nombre: 1924-2014

370 ## - LUGAR ASOCIADO

  • Lugar de nacimiento: Toulon (France)
  • Lugar de fallecimiento: Paris (France)
  • País asociado: France
  • Fuente de información: French Wikipedia, viewed Apr. 15, 2014

372 ## - CAMPO DE ACTIVIDAD

  • Campo de actividad: Middle Ages
  • Fuente del término: lcsh

373 ## - GRUPO ASOCIADO

  • Grupo asociado: École des hautes études en sciences sociales
  • Fuente del término: naf
  • Fuente de información: Telegraph (online), viewed Apr. 15, 2014

374 ## - OCUPACIÓN

  • Ocupación: Historians
  • Fuente del término: lcsh

377 ## - IDIOMA ASOCIADO

  • Código del idioma: fre

400 1# - TRAZADO DE VÉASE--NOMBRE DE PERSONA

  • Nombre de persona: Goff, Jacques Le,
  • Fechas asociadas al nombre: 1924-2014

670 ## - FUENTE DE DATOS ENCONTRADOS

  • Cita de la fuente: Marchands et banquiers du Moyen Âge, 1956:
  • Información encontrada: t.p. (Jacques Le Goff)

670 ## - FUENTE DE DATOS ENCONTRADOS

  • Cita de la fuente: Le Dieu du Moyen Âge, c2003:
  • Información encontrada: t.p. (Jacques Le Goff) p. 4 of cover (spécialistes du Moyen Âge)

670 ## - FUENTE DE DATOS ENCONTRADOS

  • Cita de la fuente: Visions d'Europe, 2005?:
  • Información encontrada: t.p. (Jacques Le Goff)

670 ## - FUENTE DE DATOS ENCONTRADOS

  • Cita de la fuente: Wikipedia, viewed Apr. 30, 2013
  • Información encontrada: (Jacques Le Goff; b. Jan. 1, 1924 in Toulon)

670 ## - FUENTE DE DATOS ENCONTRADOS

  • Cita de la fuente: Telegraph (online), viewed Apr. 15, 2014
  • Información encontrada: (Jacques le Goff; b. Jan. 1, 1924, Toulon; d. Apr. 1, 2014; French historian who believed the Middle Ages was a time of progress and purgatory)